Le Français le mieux classé par saison de F1 - Statistiques

Statistiques générales
  • Ce quiz a été pris 84 fois
  • Le résultat moyen est 15 sur 22
Statistiques - réponses
Années Ecuries Points Pilotes % Correct
2024 Alpine 42 Pierre Gasly
97%
2023 Alpine 62 Pierre Gasly
97%
2021 Alpha Tauri 110 Pierre Gasly
97%
2020 Alpha Tauri 75 Pierre Gasly
97%
2019 Toro Rosso 95 Pierre Gasly
97%
2022 Alpine 92 Esteban Ocon
95%
2018 Racing Point 49 Esteban Ocon
95%
2017 Force India 87 Esteban Ocon
95%
2016 Haas F1 Team 29 Romain Grosjean
83%
2015 Lotus F1 Team 51 Romain Grosjean
83%
2013 Lotus F1 Team 132 Romain Grosjean
83%
2012 Lotus F1 Team 96 Romain Grosjean
83%
2014 Toro Rosso 22 Jean-Eric Vergne
47%
2001 Jordan 5 Jean Alési
39%
2000 Prost 0 Jean Alési
39%
2004 Totoya 6 Olivier Panis
39%
2003 Toyota 6 Olivier Panis
39%
2002 BAR 3 Olivier Panis
39%
2001 BAR 5 Olivier Panis
39%
2009 Toro Rosso 2 Sébastien Bourdais
34%
2008 Toro Rosso 4 Sébastien Bourdais
34%
2006 Super Agury 0 Franck Montagny
32%
Aucun quiz correspondant
Distribution des résultats
% des personnes avec chaque résultat
Percentile par nombre de réponses
Votre historique - résultats
Vous n’avez pas pris ce quiz